| 000 | 005310000a22001930004500 | ||
|---|---|---|---|
| 001 | 000163 | ||
| 003 | MACL | ||
| 005 | 20150826134621.0 | ||
| 008 | 150826b xxu||||| |||| 00| 0 eng d | ||
| 040 |
_aMACL _cMACL |
||
| 041 | _aEnglish | ||
| 082 | _a778.5/MAN | ||
| 100 |
_aManto, Saadat Hassan _97569 |
||
| 245 |
_aStars From Another Sky _bThe Bombay Film World Of The 1940 _cSaadat Hassan Manto |
||
| 260 |
_aNew Delhi _c1998 _bViking Penguin India, |
||
| 350 | _a200 | ||
| 650 |
_aArts, Cinematography _97570 |
||
| 942 |
_k779 _cBK _2ddc |
||
| 999 |
_c165 _d165 |
||